Artifical Intelligence: (Record no. 594397)
[ view plain ]
| 000 -LEADER | |
|---|---|
| fixed length control field | 00429nam a22001577a 4500 |
| 020 ## - INTERNATIONAL STANDARD BOOK NUMBER | |
| International Standard Book Number | 9789332543515 |
| 040 ## - CATALOGING SOURCE | |
| Transcribing agency | NUST |
| 082 ## - DEWEY DECIMAL CLASSIFICATION NUMBER | |
| Classification number | 006.3 RUS |
| 100 ## - MAIN ENTRY--PERSONAL NAME | |
| Personal name | Russell, Stuart J |
| 9 (RLIN) | 84030 |
| 110 ## - MAIN ENTRY--CORPORATE NAME | |
| Corporate name or jurisdiction name as entry element | Norving ,Peter |
| 9 (RLIN) | 111606 |
| 245 ## - TITLE STATEMENT | |
| Title | Artifical Intelligence: |
| Remainder of title | A Modern Approach |
| 250 ## - EDITION STATEMENT | |
| Edition statement | 3rd edition |
| 260 ## - PUBLICATION, DISTRIBUTION, ETC. | |
| Place of publication, distribution, etc. | India: |
| Name of publisher, distributor, etc. | Pearson, |
| Date of publication, distribution, etc. | 2016. |
| 650 ## - SUBJECT ADDED ENTRY--TOPICAL TERM | |
| Topical term or geographic name entry element | DCE.TEXTBOOK ARTIFICIAL INTERLLIGENCE |
| 9 (RLIN) | 111607 |
| 942 ## - ADDED ENTRY ELEMENTS (KOHA) | |
| Source of classification or shelving scheme | |
| Koha item type | Text Books |
| Withdrawn status | Lost status | Source of classification or shelving scheme | Damaged status | Not for loan | Permanent Location | Current Location | Shelving location | Date acquired | Total Checkouts | Full call number | Barcode | Date last seen | Price effective from | Koha item type |
|---|---|---|---|---|---|---|---|---|---|---|---|---|---|---|
| College of Electrical & Mechanical Engineering (CEME) | College of Electrical & Mechanical Engineering (CEME) | Reference | 03/30/2023 | 006.3 RUS | CEME-48471 | 03/30/2023 | 03/30/2023 | Text Books | ||||||
| College of Electrical & Mechanical Engineering (CEME) | College of Electrical & Mechanical Engineering (CEME) | Reference | 03/30/2023 | 006.3 RUS | CEME-48472 | 03/30/2023 | 03/30/2023 | Text Books | ||||||
| College of Electrical & Mechanical Engineering (CEME) | College of Electrical & Mechanical Engineering (CEME) | Reference | 03/30/2023 | 006.3 RUS | CEME-48473 | 03/30/2023 | 03/30/2023 | Text Books | ||||||
| College of Electrical & Mechanical Engineering (CEME) | College of Electrical & Mechanical Engineering (CEME) | Reference | 03/30/2023 | 006.3 RUS | CEME-48469 | 03/30/2023 | 03/30/2023 | Text Books | ||||||
| College of Electrical & Mechanical Engineering (CEME) | College of Electrical & Mechanical Engineering (CEME) | Reference | 03/30/2023 | 006.3 RUS | CEME-48470 | 03/30/2023 | 03/30/2023 | Text Books |
